Normal view
MARC view
- Leon G. Schiffman, Leslie Lazar Kanuk and S.Ramesh Kumar and Joseph Wisenblit
Entry Personal Name
001 - CONTROL NUMBER
- control field: 2994
003 - CONTROL NUMBER IDENTIFIER
- control field: OSt
005 - DATE AND TIME OF LATEST TRANSACTION
- control field: 20200204195512.0
008 - FIXED-LENGTH DATA ELEMENTS
- fixed length control field: 200204|| aca||aabn | a|a d
040 ## - CATALOGING SOURCE
- Original cataloging agency: OSt
- Transcribing agency: OSt
100 ## - HEADING--PERSONAL NAME
- Personal name: Leon G. Schiffman, Leslie Lazar Kanuk and S.Ramesh Kumar and Joseph Wisenblit
670 ## - SOURCE DATA FOUND
- Source citation: Work cat.: (OSt): Schiffman,Leon G. 2992, Consumer Behavior , 2010
